00884 2200277 4500001002100000005001500021035002000036007000300056008004100059020001600100082001000116084001700126100002100143245016200164260002900326300003200355650002100387700001900408700001800427700002000445700001800465700001700483700002100500520003000521520005500551INLIS00000000000377420190722101954 a0010-0719000192ta190722 g 0 ind  a602851222-2 a371.1 a371.1 MAH m0 aMAHMUD, Khalifah1 aMenjadi Guru yang Dirindu /cMahmud Khalifah, Usamah Quthub; penerjemah, Muhtadi Kadi, Kusrin Karyadi; penyunting, Erlina Zachi, Endang Rina, Budiman Mustofa aSurakarta :bZiyad Books a216 hlm. :bilus. ;c21 cm. 4aPENDIDIKAN. GURU0 aUSAMAH, Quthub0 aMUHTADI, Kadi0 aKUSRIN, Karyadi0 aERLINA, Zachi0 aENDANG, Rina0 aBUDIMAN, Mustofa aBibliografi: hlm. 213-216 ajudul asli: Kaifa Tashbaha Mu'alliman Mutamayyizan